Artículos : 1893 - 1903 / J. Maragall 1893 - 1903 / J. Maragall
Descripción Física:
295 p. ; 23 cm
MARC
| LEADER | 00000nam a2200000Ia 4500 | ||
|---|---|---|---|
| 001 | 16106 | ||
| 008 | 160829s1904 xx 000 0 cat d | ||
| 080 | |a L-2-41 | ||
| 100 | |a Maragall, Joan, |d 1860-1911 |9 25778 | ||
| 245 | |a Artículos : |b 1893 - 1903 / J. Maragall | ||
| 260 | |a Barcelona : |b [Tall. de Fidel Giró], |c 1904 | ||
| 300 | |a 295 p. ; |c 23 cm | ||
| 650 | |a Maragall, Joan |x Reculls d'escrits |x 1893/1903 |9 37249 | ||
| 901 | |a Arxiu | ||
| 942 | |n 1 | ||
| 952 | |0 0 |1 0 |4 0 |6 L241 |7 1 |9 47767 |a Arxiu |b Arxiu |d 2016-12-01 |l 0 |o L-2-41 |p 16106 |r 2016-12-01 00:00:00 |w 2016-12-01 |y ARXIU | ||
| 999 | |c 51566 |d 51566 | ||